The word on prayer and the devotional life / (Record no. 6461)

MARC details
000 -LEADER
fixed length control field 00653nam a22002177a 4500
003 - CONTROL NUMBER IDENTIFIER
control field GBCCL
005 - DATE AND TIME OF LATEST TRANSACTION
control field 20241126110603.0
008 - FIXED-LENGTH DATA ELEMENTS--GENERAL INFORMATION
fixed length control field 180515b ||||| |||| 00| 0 eng d
020 ## - INTERNATIONAL STANDARD BOOK NUMBER
International Standard Book Number 0830716432
040 ## - CATALOGING SOURCE
Transcribing agency gbc
082 ## - DEWEY DECIMAL CLASSIFICATION NUMBER
Classification number 268.433
Item number YOU
100 ## - MAIN ENTRY--PERSONAL NAME
Personal name Burns, Jim
9 (RLIN) 4836
245 ## - TITLE STATEMENT
Title The word on prayer and the devotional life /
Statement of responsibility, etc. Jim Burns
260 ## - PUBLICATION, DISTRIBUTION, ETC.
Place of publication, distribution, etc. United States of America:
Name of publisher, distributor, etc. Gospel Light,
Date of publication, distribution, etc. 1994
300 ## - PHYSICAL DESCRIPTION
Extent 213 p.;
Other physical details ill.,
Dimensions 28 cm.
440 ## - SERIES STATEMENT/ADDED ENTRY--TITLE
Title Youth Builders Group Bible Studies
Volume/sequential designation 2
9 (RLIN) 11568
650 ## - SUBJECT ADDED ENTRY--TOPICAL TERM
Topical term or geographic name entry element Prayer
9 (RLIN) 332
650 ## - SUBJECT ADDED ENTRY--TOPICAL TERM
Topical term or geographic name entry element Teenagers
General subdivision Religious life
9 (RLIN) 5860
650 ## - SUBJECT ADDED ENTRY--TOPICAL TERM
Topical term or geographic name entry element Christian education of teenagers
9 (RLIN) 10659
942 ## - ADDED ENTRY ELEMENTS (KOHA)
Source of classification or shelving scheme Dewey Decimal Classification
Koha item type Books
Holdings
Withdrawn status Lost status Source of classification or shelving scheme Damaged status Not for loan Home library Current Library Shelving location Date acquired Total checkouts Full call number Barcode Date last seen Copy number Price effective from Koha item type
    Dewey Decimal Classification     GRACE BIBLE COLLEGE GRACE BIBLE COLLEGE Ministry & Mission 2018-05-15   268.433 YOU 007738 2025-05-01 v.2 c.1 2018-05-15 Books
    Dewey Decimal Classification     GRACE BIBLE COLLEGE GRACE BIBLE COLLEGE Ministry & Mission 2018-05-15   268.433 YOU 007739 2025-05-01 v.2 c.2 2018-05-15 Books
    Dewey Decimal Classification     GRACE BIBLE COLLEGE GRACE BIBLE COLLEGE Ministry & Mission 2018-05-15   268.433 YOU 007740 2025-05-01 v.2 c.3 2018-05-15 Books
    Dewey Decimal Classification     GRACE BIBLE COLLEGE GRACE BIBLE COLLEGE Ministry & Mission 2018-05-15   268.433 YOU 007741 2025-05-01 v.2 c.4 2018-05-15 Books
    Dewey Decimal Classification     GRACE BIBLE COLLEGE GRACE BIBLE COLLEGE Ministry & Mission 2018-05-15   268.433 YOU 007742 2025-05-01 v.2 c.5 2018-05-15 Books
    Dewey Decimal Classification     GRACE BIBLE COLLEGE GRACE BIBLE COLLEGE Ministry & Mission 2018-05-15   268.433 YOU 007743 2025-05-01 v.2 c.6 2018-05-15 Books
    Dewey Decimal Classification     GRACE BIBLE COLLEGE GRACE BIBLE COLLEGE Ministry & Mission 2018-05-15   268.433 YOU 007744 2025-05-01 v.2 c.7 2018-05-15 Books
    Dewey Decimal Classification     GRACE BIBLE COLLEGE GRACE BIBLE COLLEGE Ministry & Mission 2018-05-15   268.433 YOU 007751 2025-05-01 v.2 c.8 2018-05-15 Books
© Grace Bible College Library 2025